Poverty alleviation in Bangladesh : (Record no. 62973)
[ view plain ]
| 000 -LEADER | |
|---|---|
| fixed length control field | 00820nam a2200253 a 4500 |
| 001 - CONTROL NUMBER | |
| control field | 62973 |
| 003 - CONTROL NUMBER IDENTIFIER | |
| rucl marc code | BD-RjUL |
| 005 - DATE AND TIME OF LATEST TRANSACTION | |
| control field | 20211209081139.0 |
| 008 - FIXED-LENGTH DATA ELEMENTS--GENERAL INFORMATION | |
| fixed length control field | 170126s1993 bg b 000 0 eng |
| 020 ## - INTERNATIONAL STANDARD BOOK NUMBER | |
| International Standard Book Number | 9848126074 |
| 035 ## - SYSTEM CONTROL NUMBER | |
| System control number | (BD-RjUL)63101 |
| 040 ## - CATALOGING SOURCE | |
| Original cataloging agency | DLC |
| Transcribing agency | DLC |
| Modifying agency | BD-RjUL |
| Language of cataloging | eng |
| 041 ## - LANGUAGE CODE | |
| Language code of text/sound track or separate title | eng |
| 082 ## - DEWEY DECIMAL CLASSIFICATION NUMBER | |
| Edition number | 23 |
| Classification number | 362.57095492 |
| Author mark and year | MIP 1993 |
| 100 1# - MAIN ENTRY--PERSONAL NAME | |
| Personal name | Mia, M. S. Alam. |
| 9 (RLIN) | 187285 |
| 245 10 - TITLE STATEMENT | |
| Title | Poverty alleviation in Bangladesh : |
| Remainder of title | an exploration / |
| Statement of responsibility, etc. | M.S. Alam Mia. |
| 260 ## - PUBLICATION, DISTRIBUTION, ETC. (IMPRINT) | |
| Place of publication, distribution, etc. | Dhaka : |
| Name of publisher, distributor, etc. | Bangladesh Unnayan Parishad : |
| -- | Distributor Palok Publishers, |
| Date of publication, distribution, etc. | 1993. |
| 300 ## - PHYSICAL DESCRIPTION | |
| Pagination | xxiii, 165 p. ; |
| Size | 23 cm. |
| 504 ## - BIBLIOGRAPHY, ETC. NOTE | |
| Bibliography, etc | Includes bibliographical references. |
| 650 #0 - SUBJECT ADDED ENTRY--TOPICAL TERM | |
| Topical term or geographic name as entry element | Poor |
| Geographic subdivision | Bangladesh. |
| 9 (RLIN) | 187286 |
| 651 #0 - SUBJECT ADDED ENTRY--GEOGRAPHIC NAME | |
| Geographic name | Bangladesh |
| General subdivision | Economic policy. |
| 9 (RLIN) | 171507 |
| 710 2# - ADDED ENTRY--CORPORATE NAME | |
| Corporate name or jurisdiction name as entry element | Bangladesh Unnayan Parishad. |
| 9 (RLIN) | 187287 |
| 942 ## - ADDED ENTRY ELEMENTS (KOHA) | |
| Source of classification or shelving scheme | Dewey Decimal Classification |
| Koha item type | Books |
| Lost status | Source of classification or shelving scheme | Damaged status | Not for loan | Collection code | Permanent Location | Current Location | Shelving location | Date acquired | Source of acquisition | Cost, normal purchase price | Total Checkouts | Full call number | Date last seen | Copy number | Koha item type |
|---|---|---|---|---|---|---|---|---|---|---|---|---|---|---|---|
| Dewey Decimal Classification | Not For Loan | Non-fiction | Central Library, University of Rajshahi | Central Library, University of Rajshahi | Reading Room | 28/12/1997 | Aligarh Library Rajshahi | 130.00 | 362.57095492 MIP 1993 | 26/01/2017 | C-1 | Books |